SAHITHYALOKAM (Record no. 56498)

MARC details
000 -LEADER
fixed length control field 00419nam a2200169Ia 4500
003 - CONTROL NUMBER IDENTIFIER
control field OSt
005 - DATE AND TIME OF LATEST TRANSACTION
control field 20230825111714.0
008 - FIXED-LENGTH DATA ELEMENTS--GENERAL INFORMATION
fixed length control field 211109s9999||||xx |||||||||||||| ||und||
040 ## - CATALOGING SOURCE
Transcribing agency SBCL
082 ## - DEWEY DECIMAL CLASSIFICATION NUMBER
Classification number 894.81205
Item number KER-S
100 ## - MAIN ENTRY--PERSONAL NAME
Personal name KERALA SAHITHYA ACADEMY
245 #0 - TITLE STATEMENT
Title SAHITHYALOKAM
260 ## - PUBLICATION, DISTRIBUTION, ETC.
Name of publisher, distributor, etc. Kerala Sahitya Academy
Place of publication, distribution, etc. Thrissur
Date of publication, distribution, etc. 1969
630 ## - SUBJECT ADDED ENTRY--UNIFORM TITLE
General subdivision POST GRADUATE REFERENCE
942 ## - ADDED ENTRY ELEMENTS (KOHA)
Koha item type BOOK
650 ## - SUBJECT ADDED ENTRY--TOPICAL TERM
Form subdivision Malayalam
Holdings
Withdrawn status Lost status Source of classification or shelving scheme Damaged status Not for loan Home library Current library Date acquired Cost, normal purchase price Total Checkouts Full call number Barcode Shelving location Date last seen Price effective from Koha item type
    Dewey Decimal Classification     SB LIBRARY SB LIBRARY 09/11/2021 100.00   894.81205 KER-S 00099314 POST GRADUATE REFERENCE 09/11/2021 09/11/2021 BOOK

Powered by Koha